Most popular writing systems - Statistics

General Stats
  • This quiz has been taken 241 times
  • The average score is 19 of 30
Answer Stats
# Script % Correct
2 Chinese
96%
1 Latin
96%
3 Arabic
95%
6 Cyrillic
95%
7 Kana
92%
9 Hangul
85%
4 Devanagari
82%
16 Thai
80%
11 Tamil
74%
5 Bengali-Assamese
73%
25 Khmer
72%
26 Greek
69%
14 Burmese
68%
24 Armenian
67%
29 Georgian
67%
19 Lao
66%
21 Ge'ez
65%
10 Telugu
65%
28 Tibetan
58%
23 Hebrew
56%
12 Gujarati
54%
13 Kannada
52%
15 Malayalam
52%
22 Sinhala
52%
18 Gurmukhi
50%
8 Javanese
46%
20 Odia
43%
17 Sundanese
34%
30 Modern Yi
20%
27 Lontara
11%
No matching quizzes found
Score Distribution
Percent of People with Each Score
Percentile by Number Answered
Your Score History
You have not taken this quiz